[Event "USCL Baltimore vs Boston"]
[Site "Internet Chess Club"]
[Date "2010.10.18"]
[Round "9"]
[White "Zimmer, Ralph"]
[Black "Shmelov, Denys"]
[Result "1/2-1/2"]
[WhiteElo "2279"]
[BlackElo "2471"]
[PlyCount "130"]
[EventDate "2010.??.??"]

1. Nf3 Nf6 2. g3 g6 3. Bg2 Bg7 4. O-O O-O 5. c4 d6 6. d4 Nbd7 7. Nc3 e5 8. h3
c6 9. e4 a5 10. Bg5 Qc7 11. Rc1 Re8 12. Qd2 exd4 13. Nxd4 Nc5 14. Rfe1 Qb6 15.
Rcd1 a4 16. Re2 Nfd7 17. Nf3 Ne5 18. Nxe5 dxe5 19. Qc2 Qb4 20. Red2 Ne6 21. Be3
Qxc4 22. Kh2 Nd4 23. Qb1 Qb4 24. f4 Qe7 25. Rf1 Be6 26. f5 Bc4 27. Rff2 Bf6 28.
Qd1 b5 29. Bf1 Bg5 30. Bxg5 Qxg5 31. Bxc4 bxc4 32. h4 Qe3 33. a3 Rad8 34. Kg2
Rf8 35. Qg4 h5 36. Qg5 Qxg5 37. hxg5 Ra8 38. Nd1 Ra5 39. g4 Rd8 40. gxh5 gxh5
41. Kh3 Rb5 42. Nc3 Rb3 43. Kg2 Rdb8 44. Nxa4 Re3 45. Nc3 Nb5 46. Nxb5 cxb5 47.
Rfe2 Rxe2+ 48. Rxe2 Rd8 49. Kg3 Rd1 50. Rh2 Rg1+ 51. Kh4 Rg4+ 52. Kxh5 Rxe4 53.
f6 Rf4 54. Rd2 Rd4 55. Re2 Rd5 56. Kg4 Kh7 57. Rh2+ Kg8 58. Rg2 e4 59. Kf4 e3
60. Kxe3 Kh7 61. Ke4 Rd3 62. Kf5 Rd5+ 63. Ke4 Rd3 64. Kf5 Rd5+ 65. Ke4 Rd3
1/2-1/2

[Event "USCL Seattle vs San Francisco"]
[Site "Internet Chess Club"]
[Date "2010.10.18"]
[Round "9"]
[White "Liou, Yian"]
[Black "Guo, Alex"]
[Result "0-1"]
[WhiteElo "2254"]
[BlackElo "2116"]
[PlyCount "70"]
[EventDate "2010.??.??"]

1. d4 f5 2. Nf3 Nf6 3. g3 g6 4. Bg2 Bg7 5. O-O O-O 6. b3 d6 7. Bb2 Ne4 8. Nbd2
Nc6 9. e3 Bd7 10. c4 e6 11. a3 d5 12. b4 g5 13. Rc1 Be8 14. Nxe4 fxe4 15. Nd2
Ne7 16. Qb3 Bf7 17. Qc2 c6 18. a4 Bh5 19. Nb3 Nf5 20. b5 Rf6 21. Nc5 Nd6 22.
cxd5 cxd5 23. Ba3 Qe8 24. Rfe1 Bf3 25. Bxf3 exf3 26. Qd3 Qh5 27. Qf1 Rh6 28. h3
g4 29. e4 Qg6 30. exd5 Rxh3 31. Qxh3 gxh3 32. Kh2 exd5 33. Re6 Qg4 34. Rxd6
Qxd4 35. Kxh3 Qe5 0-1

[Event "USCL Seattle vs San Francisco"]
[Site "Internet Chess Club"]
[Date "2010.10.18"]
[Round "9"]
[White "Pruess, David"]
[Black "Mikhailuk, Slava"]
[Result "0-1"]
[WhiteElo "2411"]
[BlackElo "2431"]
[PlyCount "104"]
[EventDate "2010.??.??"]

1. e4 c5 2. Nf3 Nc6 3. d4 cxd4 4. Nxd4 Nf6 5. Nc3 d6 6. Bg5 Qb6 7. Nb3 e6 8.
Bxf6 gxf6 9. Qh5 a6 10. Bd3 Bd7 11. O-O Ne5 12. Kh1 Rg8 13. Qxh7 Rg6 14. Qh3
Ng4 15. Qf3 O-O-O 16. a4 Qc7 17. Qe2 d5 18. g3 dxe4 19. Bxe4 f5 20. Bg2 Bc6 21.
Bxc6 Qxc6+ 22. f3 Nxh2 23. Kxh2 Bd6 24. Rg1 Rh8+ 25. Kg2 Rxg3+ 26. Kf1 Rxg1+
27. Kxg1 Qb6+ 28. Kf1 Rh1+ 29. Kg2 Rh2+ 30. Kf1 Rh1+ 31. Kg2 Rh2+ 32. Kf1 Rxe2
33. Kxe2 f4 34. Rf1 Qe3+ 35. Kd1 Be5 36. Ne4 Qb6 37. Kc1 f5 38. Nec5 Bd4 39. a5
Be3+ 40. Kb1 Qc6 41. Nd3 Qd5 42. Ndc1 e5 43. Ne2 Qg8 44. Rh1 Qg2 45. Rh8+ Kc7
46. Rh7+ Kd6 47. Rh6+ Ke7 48. Rh7+ Kf6 49. Nc3 Qxf3 50. Ka2 Qg2 51. Rh6+ Kg7
52. Re6 Bd4 0-1

[Event "USCL Seattle vs San Francisco"]
[Site "Internet Chess Club"]
[Date "2010.10.18"]
[Round "9"]
[White "Lee, Michael"]
[Black "Naroditsky, Daniel"]
[Result "1/2-1/2"]
[WhiteElo "2440"]
[BlackElo "2453"]
[PlyCount "78"]
[EventDate "2010.??.??"]

1. c4 e5 2. Nc3 Nf6 3. g3 c6 4. d4 exd4 5. Qxd4 d5 6. Bg2 Be6 7. cxd5 cxd5 8.
Nf3 Nc6 9. Qa4 Be7 10. O-O O-O 11. Rd1 Qb6 12. Qb5 Bc5 13. Qxb6 axb6 14. Bf4
Ne4 15. Nxe4 dxe4 16. Ng5 Nd4 17. Nxe6 fxe6 18. e3 Ne2+ 19. Kf1 Nxf4 20. gxf4
g5 21. Bxe4 gxf4 22. Ke2 Ra4 23. Bxb7 fxe3 24. fxe3 Rh4 25. Rh1 Rf5 26. h3 Kf7
27. a3 Re5 28. Raf1+ Ke7 29. e4 Rg5 30. b4 Bd4 31. Rf3 Kd6 32. Kd3 Ke5 33. Kc4
Rg7 34. Bc6 Rc7 35. Kb5 Rh5 36. Be8 Rh4 37. Bc6 Rh5 38. Be8 Rh4 39. Bc6 Rh5
1/2-1/2

[Event "USCL New England vs Carolina"]
[Site "Internet Chess Club"]
[Date "2010.10.20"]
[Round "9"]
[White "Simpson, Ron"]
[Black "van de Mortel, Jan"]
[Result "0-1"]
[WhiteElo "2330"]
[BlackElo "2462"]
[PlyCount "52"]
[EventDate "2010.??.??"]

1. e4 d5 2. exd5 Qxd5 3. d4 e5 4. Qe2 Nc6 5. Nc3 Bb4 6. Bd2 Bxc3 7. bxc3 Be6 8.
Qb5 O-O-O 9. Rb1 Qxb5 10. Bxb5 Nge7 11. dxe5 Bxa2 12. Ra1 Bd5 13. Ne2 Nxe5 14.
O-O a6 15. Bd3 Bc4 16. Ng3 Bxd3 17. cxd3 Rxd3 18. Be3 N7c6 19. Rfc1 Nc4 20. Bd4
Nxd4 21. cxd4 Nd6 22. Ra4 g6 23. Ne2 Re8 24. Kf1 Nb5 25. g3 Rd2 26. Re1 Rexe2
0-1

[Event "USCL New England vs Carolina"]
[Site "Internet Chess Club"]
[Date "2010.10.20"]
[Round "9"]
[White "Herbst, Richard"]
[Black "Cherniack, Alex"]
[Result "0-1"]
[WhiteElo "2109"]
[BlackElo "2288"]
[PlyCount "90"]
[EventDate "2010.??.??"]

1. e4 e6 2. d4 d5 3. e5 c5 4. c3 Nc6 5. Nf3 Bd7 6. a3 f6 7. Bd3 fxe5 8. dxe5
Qc7 9. Qe2 g6 10. h4 Bg7 11. Bf4 Nge7 12. h5 O-O 13. g3 Be8 14. Ng5 Qd7 15.
Nxh7 Kxh7 16. hxg6+ Kg8 17. Qh5 Rxf4 18. gxf4 c4 19. Bc2 d4 20. Be4 Rd8 21. Ra2
Na5 22. Nd2 b5 23. Rh3 Nb3 24. Nxb3 cxb3 25. Ra1 dxc3 26. Rd1 Qxd1+ 27. Qxd1
Rxd1+ 28. Kxd1 c2+ 29. Kc1 Nxg6 30. Rxb3 Nxf4 31. Kxc2 Bxe5 32. a4 bxa4 33. Rb7
Bd4 34. f3 Nd5 35. Kd3 Bb6 36. Kc4 Nf6 37. Rb8 Kf7 38. Rb7+ Kf8 39. Bc2 Bc6 40.
Rb8+ Ke7 41. f4 Nd5 42. f5 exf5 43. Bxa4 Ne3+ 44. Kb3 Bxa4+ 45. Kxa4 f4 0-1

[Event "USCL New England vs Carolina"]
[Site "Internet Chess Club"]
[Date "2010.10.20"]
[Round "9"]
[White "Chase, Christopher"]
[Black "Agner, Carlito"]
[Result "1-0"]
[WhiteElo "2382"]
[BlackElo "2251"]
[PlyCount "71"]
[EventDate "2010.??.??"]

1. g3 c5 2. Bg2 Nc6 3. d3 Nf6 4. Nf3 g6 5. O-O Bg7 6. e4 O-O 7. Re1 d6 8. c3 h6
9. h3 e5 10. d4 exd4 11. cxd4 Re8 12. d5 Na5 13. Nc3 a6 14. e5 dxe5 15. Nxe5
Nh5 16. Ng4 Rxe1+ 17. Qxe1 Bxg4 18. hxg4 Nf6 19. g5 Ng4 20. Qe2 h5 21. Bf4 Bd4
22. Ne4 Qb6 23. Bf3 Qxb2 24. Qxb2 Bxb2 25. Rb1 Bd4 26. Bc7 Nc4 27. d6 Kf8 28.
Rxb7 Nce5 29. Bxg4 hxg4 30. Nf6 Nf3+ 31. Kg2 Nxg5 32. Nd5 Kg7 33. d7 Ne6 34.
Ba5 Be5 35. Nc7 Nd8 36. Nxa8 1-0

[Event "USCL Philadelphia vs Manhattan"]
[Site "Internet Chess Club"]
[Date "2010.10.20"]
[Round "9"]
[White "Vovsha, Eli"]
[Black "Dehmelt, Karl"]
[Result "1-0"]
[WhiteElo "2539"]
[BlackElo "2308"]
[PlyCount "63"]
[EventDate "2010.??.??"]

1. e4 e5 2. Nf3 Nc6 3. d4 exd4 4. Nxd4 d6 5. Nc3 Nf6 6. Bf4 Be7 7. Qd2 Nxd4 8.
Qxd4 O-O 9. O-O-O Nh5 10. Be3 Bf6 11. Qd2 Bxc3 12. Qxc3 Qe7 13. f3 Re8 14. Kb1
a6 15. g4 Nf6 16. g5 Nh5 17. Be2 Bf5 18. Rhe1 Bg6 19. Bc1 Kh8 20. f4 f6 21. f5
Bf7 22. Qh3 g6 23. Bxh5 gxh5 24. Qh4 Rg8 25. Rg1 Rae8 26. Rde1 Qd8 27. b3 Re5
28. gxf6 Qf8 29. Rg7 d5 30. Qf4 Rxe4 31. Rxe4 dxe4 32. Qh6 1-0

[Event "USCL New England vs Carolina"]
[Site "Internet Chess Club"]
[Date "2010.10.20"]
[Round "9"]
[White "Hungaski, Robert"]
[Black "Schroer, Jonathan"]
[Result "1-0"]
[WhiteElo "2520"]
[BlackElo "2437"]
[PlyCount "77"]
[EventDate "2010.??.??"]

1. Nf3 Nf6 2. c4 e6 3. Nc3 d5 4. d4 Bb4 5. Qa4+ Nc6 6. e3 O-O 7. cxd5 exd5 8.
a3 Bd6 9. Be2 Re8 10. O-O a6 11. b4 Bg4 12. Qc2 Ne4 13. Nxd5 Bxh2+ 14. Nxh2
Bxe2 15. Nxc7 Bxf1 16. Nxe8 Bxg2 17. Nxg7 Kxg7 18. Kxg2 Qg5+ 19. Kf1 Qf5 20.
Ke1 Rc8 21. f3 Nxd4 22. Qg2+ Ng5 23. exd4 Re8+ 24. Kf2 Qc2+ 25. Kg1 Qd1+ 26.
Nf1 Qxd4+ 27. Be3 Qxa1 28. Qxg5+ Kh8 29. Qf4 Qg7+ 30. Kh2 Rd8 31. Ng3 h6 32.
Nf5 Qg6 33. Nxh6 Qh5+ 34. Kg3 Qg6+ 35. Kh4 Rd1 36. Nxf7+ Kg8 37. Nh6+ Kh7 38.
Qc7+ Qg7 39. Qc2+ 1-0

[Event "USCL Philadelphia vs Manhattan"]
[Site "Internet Chess Club"]
[Date "2010.10.20"]
[Round "9"]
[White "Bonin, Jay"]
[Black "Stripunsky, Alex"]
[Result "1-0"]
[WhiteElo "2424"]
[BlackElo "2659"]
[PlyCount "85"]
[EventDate "2010.??.??"]

1. c4 e5 2. g3 c6 3. d4 exd4 4. Qxd4 d5 5. cxd5 cxd5 6. Bg2 Nf6 7. Nf3 Nc6 8.
Qa4 Bc5 9. O-O Ne4 10. Nc3 Nxc3 11. bxc3 O-O 12. Ba3 Qe7 13. Bxc5 Qxc5 14. Rac1
Be6 15. Rfd1 Rac8 16. Ne1 b5 17. Qf4 Rfd8 18. Nd3 Qa3 19. Nb4 Nxb4 20. Qxb4
Qxb4 21. cxb4 d4 22. Rc5 Rxc5 23. bxc5 Kf8 24. Bb7 Ke7 25. Ba6 b4 26. Rd2 Rd5
27. Rc2 Kd7 28. Rc4 Kc6 29. Rxb4 Rxc5 30. a3 Ra5 31. Bc4 Bh3 32. Bxf7 Rxa3 33.
Rb1 a5 34. f4 Kc5 35. Kf2 a4 36. Rb7 Ra1 37. e4 a3 38. Ra7 Kb4 39. Ke2 Bg4+ 40.
Kf2 Kc3 41. e5 d3 42. Rc7+ Kd4 43. Rc4# 1-0

[Event "USCL Philadelphia vs Manhattan"]
[Site "Internet Chess Club"]
[Date "2010.10.20"]
[Round "9"]
[White "Costigan, Richard"]
[Black "Zaremba, Andrei"]
[Result "1/2-1/2"]
[WhiteElo "2288"]
[BlackElo "2361"]
[PlyCount "74"]
[EventDate "2010.??.??"]

1. c4 Nf6 2. Nc3 c5 3. Nf3 Nc6 4. e3 e6 5. d4 cxd4 6. exd4 d5 7. Bd3 Be7 8. O-O
O-O 9. Re1 Nb4 10. Bf1 dxc4 11. Bxc4 a6 12. a3 Nbd5 13. Ne5 Bd7 14. Nxd5 Nxd5
15. Qd3 Rc8 16. Bd2 Bc6 17. Rac1 Nf6 18. Ba2 Bd5 19. Bb1 Rxc1 20. Bxc1 g6 21.
Bg5 Nd7 22. Bh6 Nxe5 23. dxe5 Re8 24. Qd2 Bf8 25. Bg5 Be7 26. Bf4 Qb6 27. Rc1
Rd8 28. Be3 Bc6 29. Bxb6 Rxd2 30. b4 Bg5 31. Re1 Bf4 32. h3 h5 33. h4 Kg7 34.
Kf1 Bb5+ 35. Kg1 Bc6 36. Kf1 Bb5+ 37. Kg1 Bc6 1/2-1/2

[Event "USCL Dallas vs Los Angeles"]
[Site "Internet Chess Club"]
[Date "2010.10.20"]
[Round "9"]
[White "Bercys, Salvijus"]
[Black "Kretchetov, Alexandre"]
[Result "1-0"]
[WhiteElo "2467"]
[BlackElo "2376"]
[PlyCount "61"]
[EventDate "2010.??.??"]

1. d4 Nf6 2. Nf3 g6 3. c4 c5 4. d5 d6 5. Nc3 Bg7 6. e4 O-O 7. h3 a6 8. a4 e5 9.
g4 Ne8 10. Bd3 Kh8 11. Be3 f5 12. gxf5 gxf5 13. exf5 Bxf5 14. Ng5 e4 15. Ncxe4
h6 16. Ne6 Bxe6 17. dxe6 Nc6 18. Ng5 Ne5 19. h4 Qa5+ 20. Kf1 Nf6 21. Be2 Qb4
22. e7 Rfe8 23. Qxd6 Qxb2 24. Qxe5 Qxe5 25. Nf7+ Kg8 26. Nxe5 Nd7 27. Nxd7 Bxa1
28. Rg1+ Kh8 29. Bxc5 Bg7 30. Bh5 Rg8 31. Bf7 1-0

[Event "USCL Philadelphia vs Manhattan"]
[Site "Internet Chess Club"]
[Date "2010.10.20"]
[Round "9"]
[White "Black, James"]
[Black "Shahade, Michael"]
[Result "0-1"]
[WhiteElo "2102"]
[BlackElo "2231"]
[PlyCount "120"]
[EventDate "2010.??.??"]

1. d4 Nf6 2. c4 e6 3. Nc3 Bb4 4. f3 d5 5. a3 Be7 6. e4 dxe4 7. fxe4 e5 8. d5
Bc5 9. Nf3 Bg4 10. Be2 Nbd7 11. Bg5 h6 12. Bh4 a5 13. Qd2 a4 14. O-O-O Bxf3 15.
Bxf3 Bd4 16. Rde1 Nc5 17. Bd1 Bxc3 18. Qxc3 Qd6 19. Bc2 Nfd7 20. Rhf1 f6 21.
Bf2 Ke7 22. h4 Rhb8 23. Re2 b5 24. cxb5 Rxb5 25. Qg3 Kf8 26. Be1 Nb3+ 27. Bxb3
Rxb3 28. Bc3 Ra5 29. Rc2 Rab5 30. Qf2 Nc5 31. Qe2 Kg8 32. Rd1 Rxa3 33. bxa3
Nb3+ 34. Kb2 Nd4+ 35. Qxb5 Nxb5 36. Bb4 Qd7 37. Rc5 Nd6 38. Re1 Ne8 39. Re3 Qg4
40. g3 Qd1 41. Rc1 Qd4+ 42. Rcc3 g5 43. hxg5 hxg5 44. Kc2 Qb6 45. Rf3 Qb5 46.
Rfd3 Qd7 47. Ba5 Qg4 48. Rd2 Qxe4+ 49. Kb2 Nd6 50. Bxc7 Nc4+ 51. Rxc4 Qxc4 52.
d6 Qb3+ 53. Kc1 Qxa3+ 54. Kd1 Qb3+ 55. Ke2 Qb5+ 56. Ke3 Qd7 57. Ke4 Kf7 58. Rh2
Ke6 59. Rh8 a3 60. Rh2 Qa4+ 0-1

[Event "USCL Dallas vs Los Angeles"]
[Site "Internet Chess Club"]
[Date "2010.10.20"]
[Round "9"]
[White "Kavutskiy, Konstin"]
[Black "Lopez, Nelson"]
[Result "0-1"]
[WhiteElo "2253"]
[BlackElo "2229"]
[PlyCount "92"]
[EventDate "2010.??.??"]

1. d4 d5 2. c4 Nc6 3. cxd5 Qxd5 4. e3 e5 5. Nc3 Bb4 6. Bd2 Bxc3 7. Bxc3 exd4 8.
Ne2 Nge7 9. Nxd4 O-O 10. Nxc6 Qxc6 11. Qf3 Qxf3 12. gxf3 Be6 13. Bd3 f6 14. O-O
Rfd8 15. Rfd1 Kf7 16. Kf1 Rxd3 17. Rxd3 Bc4 18. Ke2 Rd8 19. Rad1 Ng6 20. b3 Ba6
21. f4 Rd5 22. Bb2 Ke6 23. Bc1 f5 24. Bb2 Kf7 25. a4 c5 26. f3 Nh4 27. b4 Rxd3
28. Rxd3 cxb4 29. e4 Bxd3+ 30. Kxd3 Nxf3 31. h3 fxe4+ 32. Kxe4 Ng1 33. h4 Ne2
34. a5 g6 35. Be5 Ke6 36. Kd3 Ng3 37. Kc4 Nf5 38. Kxb4 Nxh4 39. Bb8 a6 40. Kc5
Kd7 41. Kd5 Nf3 42. Ba7 h5 43. Ke4 Nd2+ 44. Ke5 h4 45. Bf2 h3 46. Bg3 Nf1 0-1

[Event "USCL Arizona vs St. Louis"]
[Site "Internet Chess Club"]
[Date "2010.10.20"]
[Round "9"]
[White "Finegold, Spencer"]
[Black "Mateer, Amanda"]
[Result "0-1"]
[WhiteElo "1991"]
[BlackElo "2135"]
[PlyCount "105"]
[EventDate "2010.??.??"]

1. Nf3 Nf6 2. b3 c5 3. Bb2 d6 4. e3 g6 5. Be2 Bg7 6. O-O O-O 7. c4 Nc6 8. d4
Nd7 9. a3 a5 10. Nc3 Re8 11. Qd2 Rb8 12. Nb5 Qb6 13. Rfd1 Ra8 14. h3 Na7 15.
Nc3 e6 16. Qc2 Bf8 17. Ne4 Be7 18. dxc5 Nxc5 19. Qc3 e5 20. Nxc5 Qxc5 21. Rd5
Qc7 22. Rxa5 Be6 23. Rd1 b6 24. Ra4 Bd7 25. Rb4 f6 26. Qd3 Bf8 27. Nh4 Kg7 28.
f4 Rad8 29. Rc1 Nc6 30. Rb5 Nb8 31. Rd5 Bc6 32. fxe5 fxe5 33. Bf3 Bxd5 34. Bxd5
Be7 35. Nf3 Nd7 36. Rf1 Rf8 37. Nd4 exd4 38. Qxd4+ Ne5 39. Qg4 Rxf1+ 40. Kxf1
Rf8+ 41. Kg1 Bf6 42. Qe6 Qe7 43. Qxe7+ Bxe7 44. Bd4 Bd8 45. b4 Kh6 46. a4 Re8
47. c5 dxc5 48. bxc5 bxc5 49. Bxc5 Ba5 50. e4 g5 51. Be3 Kg6 52. g4 Rb8 53. Bd4
0-1

[Event "USCL Dallas vs Los Angeles"]
[Site "Internet Chess Club"]
[Date "2010.10.20"]
[Round "9"]
[White "Kiewra, Keaton"]
[Black "Tanaka, Christian"]
[Result "0-1"]
[WhiteElo "2361"]
[BlackElo "2227"]
[PlyCount "94"]
[EventDate "2010.??.??"]

1. d4 Nf6 2. Nf3 g6 3. c4 Bg7 4. Nc3 O-O 5. e4 d6 6. Be2 Nc6 7. d5 Nb4 8. h3 a5
9. Be3 Nd7 10. O-O e5 11. dxe6 fxe6 12. Nd4 Qe7 13. a3 Nc6 14. Ncb5 Nc5 15. Qc2
a4 16. Nxc6 bxc6 17. Nc3 Nb3 18. Rad1 c5 19. Nxa4 Nd4 20. Bxd4 Bxd4 21. Rd3 Bb7
22. Nc3 Qh4 23. Bf3 Rf7 24. Qe2 Raf8 25. Rfd1 h5 26. Qf1 Qg5 27. Kh1 Kg7 28.
Ne2 Be5 29. Re3 Qh6 30. h4 g5 31. hxg5 Qxg5 32. Ng1 Qh4+ 33. Nh3 Bd4 34. Red3
e5 35. g3 Qd8 36. Bg2 Bc8 37. f3 h4 38. f4 Bxh3 39. Bxh3 exf4 40. gxf4 Rxf4 41.
Qg2+ Kh6 42. Rxd4 cxd4 43. Rg1 Qf6 44. Bf5 Rxf5 45. exf5 Qxf5 46. Qg7+ Kh5 47.
Qxd4 Qh3# 0-1

[Event "USCL New Jersey vs Baltimore"]
[Site "Internet Chess Club"]
[Date "2010.10.25"]
[Round "10"]
[White "Kapengut, Albert"]
[Black "Zimmer, Ralph"]
[Result "1-0"]
[WhiteElo "2372"]
[BlackElo "2279"]
[PlyCount "58"]
[EventDate "2010.??.??"]

1. e4 c5 2. Nf3 e6 3. b3 Nf6 4. e5 Nd5 5. Bb2 b6 6. g3 Bb7 7. Bg2 Be7 8. O-O
O-O 9. d4 Nc7 10. dxc5 Bxc5 11. Qd3 Nc6 12. Rd1 Qe7 13. a3 a5 14. Nc3 Rad8 15.
Ne4 f5 16. Nd6 Ba6 17. c4 Ne8 18. Bc3 Bxd6 19. exd6 Qf7 20. b4 Bc8 21. b5 Nb8
22. Ne5 Qh5 23. Qd4 Nf6 24. Qxb6 Ne4 25. Bxa5 Qe2 26. Bf3 Qb2 27. Qd4 Qc2 28.
Rdc1 Qb3 29. Bd1 Qxg3+ 1-0

[Event "USCL Carolina vs Philadelphia"]
[Site "Internet Chess Club"]
[Date "2010.10.25"]
[Round "10"]
[White "Schroer, Jonathan"]
[Black "Bartell, Tom"]
[Result "1/2-1/2"]
[WhiteElo "2437"]
[BlackElo "2429"]
[PlyCount "53"]
[EventDate "2010.??.??"]

1. d4 Nf6 2. c4 e6 3. Nf3 b6 4. g3 Bb7 5. Bg2 Be7 6. Nc3 Ne4 7. Bd2 f5 8. d5
Bf6 9. Rc1 Na6 10. O-O O-O 11. a3 Nac5 12. b4 Nxc3 13. Bxc3 Ne4 14. Bxf6 Qxf6
15. Qd4 a5 16. Qxf6 Nxf6 17. Nd4 axb4 18. axb4 Ra4 19. dxe6 Bxg2 20. Kxg2 Rxb4
21. e7 Re8 22. Nxf5 g6 23. Ne3 Rxe7 24. Rc2 c6 25. Ra1 Ne4 26. Raa2 Nd6 27. c5
1/2-1/2

[Event "USCL Carolina vs Philadelphia"]
[Site "Internet Chess Club"]
[Date "2010.10.25"]
[Round "10"]
[White "Shahade, Michael"]
[Black "Herbst, Richard"]
[Result "1/2-1/2"]
[WhiteElo "2231"]
[BlackElo "2109"]
[PlyCount "62"]
[EventDate "2010.??.??"]

1. c4 e5 2. g3 Nf6 3. Bg2 Nc6 4. Nc3 g6 5. Nf3 Bg7 6. O-O O-O 7. d4 d6 8. d5
Ne7 9. e4 Nh5 10. Ne1 Bd7 11. Nd3 Qc8 12. Bg5 f6 13. Bd2 f5 14. exf5 Bxf5 15.
Bg5 Qd7 16. f3 h6 17. Be3 Bh3 18. Bxh3 Qxh3 19. Nf2 Qd7 20. Nfe4 b6 21. Kg2 Kh7
22. b4 a5 23. b5 Rf7 24. Ne2 Raf8 25. Qd3 Nf6 26. N2c3 Nf5 27. Nxf6+ Bxf6 28.
Ne4 Bg7 29. Rf2 Qe7 30. Raf1 Re8 31. Re2 Qd7 1/2-1/2

[Event "USCL Manhattan vs New England"]
[Site "Internet Chess Club"]
[Date "2010.10.25"]
[Round "10"]
[White "Vicary, Elizabeth"]
[Black "Bournival, Braden"]
[Result "0-1"]
[WhiteElo "2081"]
[BlackElo "2381"]
[PlyCount "62"]
[EventDate "2010.??.??"]

1. e4 c5 2. Nf3 Nc6 3. Bb5 d6 4. O-O Bd7 5. Re1 Nf6 6. c3 a6 7. Bxc6 Bxc6 8. d4
Bxe4 9. Bg5 Bd5 10. Nbd2 e6 11. c4 Bxf3 12. Qxf3 cxd4 13. Bxf6 gxf6 14. Qxb7
Be7 15. Qc6+ Kf8 16. Qe4 f5 17. Qxd4 Bf6 18. Qf4 Rg8 19. Rad1 Rg4 20. Qf3 Bxb2
21. h3 Rg6 22. Nb3 Rc8 23. Qb7 Rxc4 24. Qxa6 Qg5 25. Qa8+ Kg7 26. Kh1 d5 27.
Rg1 Rg4 28. g3 Qh5 29. Kg2 Rh4 30. Nd2 Rxh3 31. Nf3 f4 0-1

[Event "USCL Boston vs New York"]
[Site "Internet Chess Club"]
[Date "2010.10.25"]
[Round "10"]
[White "Martirosov, Vadim"]
[Black "Getz, Alec"]
[Result "1/2-1/2"]
[WhiteElo "2248"]
[BlackElo "2377"]
[PlyCount "90"]
[EventDate "2010.??.??"]

1. d4 Nf6 2. Nf3 d6 3. c4 g6 4. Nc3 Bg7 5. e4 O-O 6. Be2 e5 7. O-O Nc6 8. dxe5
dxe5 9. Bg5 Qxd1 10. Rfxd1 Bg4 11. h3 Bxf3 12. Bxf3 Nd4 13. Nd5 Nxd5 14. cxd5
f6 15. Be3 Nc2 16. Rac1 Nxe3 17. fxe3 Rf7 18. Rc4 Bf8 19. Bg4 Kh8 20. Be6 Rg7
21. Rf1 Bd6 22. Rxf6 Rf8 23. Rf3 a5 24. Rc3 Rxf3 25. gxf3 Re7 26. Bc8 b6 27.
Be6 Re8 28. Kf2 Rf8 29. Ke2 Kg7 30. Rc1 h5 31. Rf1 Kh6 32. Kd3 Kg5 33. Rg1+ Kh6
34. Rf1 Kg5 35. Rg1+ Kh6 36. Ke2 Bc5 37. Rf1 Bd6 38. Kf2 Bc5 39. Rc1 Bd6 40.
Kg3 Kg5 41. Rf1 Kh6 42. Bd7 Rf7 43. Be6 Rf8 44. Bd7 Rf7 45. Be6 Rf8 1/2-1/2

[Event "USCL Manhattan vs New England"]
[Site "Internet Chess Club"]
[Date "2010.10.25"]
[Round "10"]
[White "Milman, Lev"]
[Black "Shankland, Sam"]
[Result "0-1"]
[WhiteElo "2501"]
[BlackElo "2567"]
[PlyCount "80"]
[EventDate "2010.??.??"]

1. e4 c6 2. d4 d5 3. Nc3 dxe4 4. Nxe4 Bf5 5. Ng3 Bg6 6. h4 h6 7. Nf3 Nd7 8. h5
Bh7 9. Bd3 Bxd3 10. Qxd3 e6 11. Bd2 Ngf6 12. O-O-O Be7 13. Kb1 O-O 14. Ne4 Qc7
15. g4 Nxg4 16. Rhg1 f5 17. Qc4 Rf7 18. Nc3 Qd6 19. Rge1 Nxf2 20. Rxe6 Nxd1 21.
Rxd6 Nxc3+ 22. Bxc3 Bxd6 23. Qe6 Bc7 24. Nh4 Nf8 25. Qb3 Rd8 26. Nxf5 Rd5 27.
Ne3 Rxh5 28. a4 Bf4 29. Nc4 Rd5 30. Na5 h5 31. Nxb7 h4 32. Na5 h3 33. Nxc6 Rdd7
34. Bb4 h2 35. Qh3 Rf6 36. Bxf8 Kxf8 37. Qh8+ Kf7 38. Qh5+ Kg8 39. d5 g6 40.
Qh3 Rh7 0-1

[Event "USCL Manhattan vs New England"]
[Site "Internet Chess Club"]
[Date "2010.10.25"]
[Round "10"]
[White "Theil, Carey"]
[Black "Black, James"]
[Result "1-0"]
[WhiteElo "2251"]
[BlackElo "2102"]
[PlyCount "77"]
[EventDate "2010.??.??"]

1. e4 c5 2. Nf3 e6 3. Qe2 b6 4. g3 Bb7 5. Bg2 d6 6. d3 Nf6 7. Nbd2 Be7 8. O-O
O-O 9. Re1 e5 10. Nc4 Nc6 11. c3 Re8 12. a4 Bf8 13. Qc2 Ba6 14. Bg5 Bxc4 15.
dxc4 h6 16. Bd2 Na5 17. b3 Rc8 18. Re2 Be7 19. Rf1 Qd7 20. Nh4 Bf8 21. Nf5 Kh7
22. f4 Ng8 23. Ne3 Be7 24. Ref2 f6 25. Bf3 Rb8 26. Qd1 Bf8 27. Bc1 Red8 28. Bg4
Qf7 29. Rd2 Be7 30. Nd5 Rb7 31. fxe5 dxe5 32. Nxf6+ Nxf6 33. Rxd8 Bxd8 34. Qxd8
Nxb3 35. Bf5+ g6 36. Bc8 Re7 37. Qd6 Qg7 38. Rxf6 Nxc1 39. Rxg6 1-0

[Event "USCL Manhattan vs New England"]
[Site "Internet Chess Club"]
[Date "2010.10.25"]
[Round "10"]
[White "Riordan, Charles"]
[Black "Vovsha, Eli"]
[Result "0-1"]
[WhiteElo "2397"]
[BlackElo "2539"]
[PlyCount "88"]
[EventDate "2010.??.??"]

1. Nf3 c5 2. c4 Nc6 3. Nc3 g6 4. e3 d6 5. d4 Bg4 6. d5 Ne5 7. Be2 Nxf3+ 8. Bxf3
Bxf3 9. Qxf3 Bg7 10. e4 Nf6 11. O-O O-O 12. Qe2 Nd7 13. Qc2 a6 14. a4 Ne5 15.
b3 e6 16. Bf4 g5 17. Bd2 Ng6 18. Rae1 Qf6 19. Ne2 Nf4 20. g3 Nxe2+ 21. Rxe2 Qg6
22. Qd3 Bd4 23. Be3 e5 24. Bxd4 cxd4 25. a5 f5 26. f3 g4 27. exf5 Rxf5 28. Ref2
gxf3 29. Rxf3 Rxf3 30. Qxf3 e4 31. Qf4 Re8 32. Re1 d3 33. b4 Re5 34. Rf1 Qg7
35. Re1 e3 36. Rxe3 d2 37. Rd3 Re1+ 38. Kg2 d1=Q 39. Rxd1 Rxd1 40. Qxd6 Rd2+
41. Kh3 Rf2 42. c5 h5 43. Qe6+ Qf7 44. Qc8+ Kh7 0-1

[Event "USCL Carolina vs Philadelphia"]
[Site "Internet Chess Club"]
[Date "2010.10.25"]
[Round "10"]
[White "Bonin, Jay"]
[Black "Simpson, Ron"]
[Result "1-0"]
[WhiteElo "2424"]
[BlackElo "2330"]
[PlyCount "77"]
[EventDate "2010.??.??"]

1. d4 f5 2. Nc3 g6 3. e4 fxe4 4. Nxe4 Bg7 5. Nf3 Nf6 6. Bd3 Nc6 7. Nxf6+ exf6
8. O-O O-O 9. d5 Ne5 10. Nxe5 fxe5 11. d6 Kh8 12. Be4 c6 13. a4 b6 14. Qe2 Qf6
15. Rd1 a5 16. Ra3 Ba6 17. c4 Rab8 18. Rh3 Rf7 19. Be3 Bf8 20. b3 Kg8 21. Qg4
Qg7 22. f4 Re8 23. f5 gxf5 24. Bxf5 Qxg4 25. Bxg4 Rg7 26. Rg3 c5 27. Bxd7 Rxg3
28. hxg3 Rd8 29. Be6+ Kg7 30. d7 Be7 31. Rf1 Bf6 32. g4 Kg6 33. g5 Be7 34. Bf7+
Kg7 35. Be8 Kg8 36. Rf6 Bb7 37. Re6 Bf8 38. g6 h6 39. Bf2 1-0

[Event "USCL New Jersey vs Baltimore"]
[Site "Internet Chess Club"]
[Date "2010.10.25"]
[Round "10"]
[White "Enkhbat, Tegshsuren"]
[Black "Molner, Mackenzie"]
[Result "1-0"]
[WhiteElo "2425"]
[BlackElo "2548"]
[PlyCount "93"]
[EventDate "2010.??.??"]

1. d4 Nf6 2. c4 e6 3. g3 c5 4. d5 exd5 5. cxd5 b5 6. Bg2 d6 7. Nf3 g6 8. O-O
Bg7 9. e4 O-O 10. e5 dxe5 11. Nxe5 Bb7 12. Nc6 Qb6 13. Ne7+ Kh8 14. Nc3 Nbd7
15. Be3 Rfe8 16. Nc6 Ne5 17. a4 Nc4 18. a5 Qa6 19. Bxc5 Nxb2 20. Qc2 Bxc6 21.
dxc6 b4 22. Bxb4 Nd3 23. Ba3 Qc4 24. Rfd1 Nxf2 25. Qxf2 Ng4 26. Qf4 Qxf4 27.
gxf4 Bxc3 28. Ra2 Ne3 29. Rd3 Nxg2 30. Kxg2 Bf6 31. Rd7 Kg7 32. Rc2 Re6 33. Rb7
Rc8 34. c7 g5 35. Rb8 Ree8 36. Rxc8 Rxc8 37. Bd6 Bd4 38. Rc4 Be3 39. fxg5 Bd2
40. a6 Ba5 41. Be5+ Kf8 42. Bd4 Ke7 43. Bxa7 Kd7 44. Bb8 Bxc7 45. Rxc7+ Rxc7
46. Bxc7 Kxc7 47. Kf3 1-0